01792nam a22003857a 4500999001300000003000900013008004100022040007100063082001700134100002000151245006500171260005100236300002800287440008300315505038600398650002700784650001500811650001900826700004000845700003600885700002800921700002900949700003600978700003501014700003201049700002501081700003401106700002701140700003801167700003101205700003701236942001601273945002001289952009701309 c844d844AR-CdUCM190225b ||||| |||| 00| 0 spa d aMUNICIPALIDAD PROVINCIAL DEL CUSCOcBIBLIOTECA MUNICIPAL DEL CUSCO a985.6 /bR21 aRamos, Gabriela aCatolicismo y extirpación de idolatrias siglos XVI-XVIII / aCusco :bCentro Bartolome de las Casas,c1993. a482 páginas ;c21 cm. aCuadernos para la historia de la evangelización en América Latinan593202 aContenido: Idolos, figuras, imagenes. La representación como discurso ideológico -- La idolatría, símbolo de América en Calderon de la Barca -- Experiencias evangelizadoras en los Andes en siglo XVI: ¿Quién pagó las consecuencias? -- Idolatrías en Charas (1560-1620): datos sobre su existencia como paso previo para la valoración del tema de su extirpación ... aEvangelización93112 aAndes9319 aSiglo XVI9326 aUrbano, Henrique (compilador)93203 aGarcía Alvarez, César93204 aCastelló, Vidal93205 aBarnadas, Josep M.93206 aGutierrez Arbulú, Laura93207 aGuibovich Pérez, Pedro93208 aGarcía, Juan Carlos93209 aSánchez, Ana93210 aBautista Lassegue, Juan93211 aCastro, Victoria93212 aAramoni Calderón, Dolores93213 aViqueira, Juan Pedro93214 aEsponera Cerdán, Alfonso93215 2ddccLIBROS aafbd2019-02-25 002ddc4070aSHbSHcCARTd2019-02-25g40.00o985.6 / R21pSH0000001002r2019-02-25yLIBROS